| 000 | 00849nmm a2200241 a 4500 | ||
|---|---|---|---|
| 001 | ocm000701901 | ||
| 003 | TR-IsHL | ||
| 005 | 20201028142711.0 | ||
| 008 | 140104s2002 tu tur | ||
| 007 | cr cn | ||
| 035 |
_a701901 _b(N$T) |
||
| 050 | 0 | 4 |
_aHF1533.2 _b.B45 2002 |
| 090 | 0 | 4 |
_aHF1533.2 _b.B45 2002 |
| 245 | 1 | 0 |
_aBelarus işadamları heyeti _h[electronic resource] |
| 260 |
_aİstanbul : _bİstanbul Ticaret Odası, _c2002 |
||
| 300 | _a14 p. | ||
| 650 | 4 | _aEkonomi ve Finans | |
| 650 | 4 | _aEconomics and Finance | |
| 650 | 0 |
_aTürkiye _x Dış ekonomik ilişkiler _x Belarus |
|
| 650 | 0 |
_aTurkey _x Foreign economic relations _x Belarus |
|
| 650 | 7 |
_aPOLITICAL SCIENCE / International Relations / Trade & Tariffs _2bisacsh |
|
| 856 | 4 | 0 | _uhttp://search.ebscohost.com/login.aspx?direct=true&scope=site&db=e011xww&AN=701901 |
| 999 |
_c8496 _d8496 |
||